Furiosa a mad max saga 2024 / directed by George Miller ; written by George Miller, Nico Lathouris ; produced by Doug Mitchell, George Miller. (Record no. 20870)

000 -LEADER
fixed length control field 01122nam a22002537a 4500
008 - FIXED-LENGTH DATA ELEMENTS--GENERAL INFORMATION
fixed length control field 250527b xxu||||| |||| 00| 0 eng d
040 ## - CATALOGING SOURCE
Original cataloging agency Cagayan State University
Description conventions RDA
082 ## - DEWEY DECIMAL CLASSIFICATION NUMBER
Classification number 791.4372
Item number F984 2024.
245 ## - TITLE STATEMENT
Title Furiosa a mad max saga 2024 / directed by George Miller ; written by George Miller, Nico Lathouris ; produced by Doug Mitchell, George Miller.
260 ## - PUBLICATION, DISTRIBUTION, ETC. (IMPRINT)
Place of publication, distribution, etc Australia,
-- United States ;
Name of publisher, distributor, etc Kennedy Miller Mitchell ;
Date of publication, distribution, etc 2024.
300 ## - PHYSICAL DESCRIPTION
Extent 1 videofile, (ca. 148 mins.) :
Other physical details sound, color.
520 ## - SUMMARY, ETC.
Summary, etc After being snatched from the Green Place of Many Mothers, while the tyrants Dementus and Immortan Joe fight for power and control, the young Furiosa must survive many trials as she puts together the means to find her way home.
650 ## - SUBJECT ADDED ENTRY--TOPICAL TERM
Topical term or geographic name as entry element Action.
650 ## - SUBJECT ADDED ENTRY--TOPICAL TERM
Topical term or geographic name as entry element Sci-Fiction.
650 ## - SUBJECT ADDED ENTRY--TOPICAL TERM
Topical term or geographic name as entry element Adventure.
700 ## - ADDED ENTRY--PERSONAL NAME
Personal name Taylor-Joy, Anya, star.
700 ## - ADDED ENTRY--PERSONAL NAME
Personal name Hemsworth, Chris, star.
700 ## - ADDED ENTRY--PERSONAL NAME
Personal name Burke, Tom, star.
700 ## - ADDED ENTRY--PERSONAL NAME
Personal name Browne, Alyla, star.
700 ## - ADDED ENTRY--PERSONAL NAME
Personal name Duggan, Simon, cinematographer.
700 ## - ADDED ENTRY--PERSONAL NAME
Personal name Knapman, Eliot, editor.
700 ## - ADDED ENTRY--PERSONAL NAME
Personal name Sixel, Margaret, editor.
942 ## - ADDED ENTRY ELEMENTS (KOHA)
Source of classification or shelving scheme
Item type Audio-Visual Materials
Holdings
Source of acquisition Price effective from Permanent location Date last seen Not for loan Date acquired Source of classification or shelving scheme Koha item type Collection code Shelving location Damaged status Lost status Withdrawn status Current location Full call number
Donation2025-05-27Cagayan State University - Carig Library2025-05-27 2025-05-27 Audio-Visual MaterialsElectronic Media CenterE-Resource Section   Cagayan State University - Carig Library791.4372 F984 2024.

Cagayan State University University Library, Carig Campus
Tuguegarao City, Cagayan 3500 | www.csucarig.edu.ph

Powered by Koha